Normal view
MARC view
Entry Topical Term
001 - CONTROL NUMBER
- control field: 469737
003 - CONTROL NUMBER IDENTIFIER
- control field:
005 - DATE AND TIME OF LATEST TRANSACTION
- control field: 20210602133715.0
008 - FIXED-LENGTH DATA ELEMENTS
- fixed length control field: 210602|| aca||aabn | a|a d
040 ## - CATALOGING SOURCE
- Original cataloging agency:
- Transcribing agency:
150 ## - HEADING--TOPICAL TERM
- Topical term or geographic name entry element: Buddhist painting
- Geographic subdivision: China
- Geographic subdivision: Tibet
- Form subdivision: Exhibitions
670 ## - SOURCE DATA FOUND
- Source citation: Work cat.: (): Kossak, Steven 469734, Sacred visions :, c1998
